El experimento esperanza: introducciones

Gardado en:
Detalles Bibliográficos
Autor Principal: Moltmann, Jürgen (autor)
Formato: Libro
Idioma:Lingua castelá
Publicado: Salamanca Sígueme 1977
Series:Colección Verdad e Imagen, 44
Subjects:
Tags: Engadir etiqueta
Sen Etiquetas, Sexa o primeiro en etiquetar este rexistro!

MARC

LEADER 00000nam a2200000 a 4500
001 UCX7004
003 CL-VaPUC
008 930909e19770000SP |||||||||||||||||spa|d
082 0 4 |a 234.2  |b MOL  |2 21 
100 |a Moltmann, Jürgen  |e autor  |9 595969 
245 1 3 |a El experimento esperanza: introducciones 
300 |a 205 p 
942 |c BK 
945 |d 19930909 00:00:00 
260 |a Salamanca  |b Sígueme  |c 1977 
650 7 |a ESPERANZA ASPECTOS RELIGIOSOS  |2 CL-VaPUC  |9 320005 
650 0 |a Cristianismo  |9 257361 
583 |a last modification  |c 19930909 00:00:00  |k Rodrigo Vera 
490 0 |a Colección Verdad e Imagen, 44 
999 |c 226927  |d 226925 
952 |0 0  |1 0  |4 0  |6 234_200000000000000_MOL_1977  |7 0  |8 A  |9 225634  |a BIBTEO  |b BIBTEO  |d 2019-11-15  |i 2942755  |o 234.2 MOL 1977  |p 2942755  |r 2025-01-17  |w 2019-11-15  |y BK  |k ICR